The Christ-centered family / (Record no. 4940)

MARC details
000 -LEADER
fixed length control field 00811cam a2200265 i 4500
001 - CONTROL NUMBER
control field 3180773
003 - CONTROL NUMBER IDENTIFIER
control field GBCCL
005 - DATE AND TIME OF LATEST TRANSACTION
control field 20241126110530.0
008 - FIXED-LENGTH DATA ELEMENTS--GENERAL INFORMATION
fixed length control field 770809s1977 mou b 000 0 eng
010 ## -
-- 76046036
020 ## - INTERNATIONAL STANDARD BOOK NUMBER
International Standard Book Number 0882439030 :
Terms of availability $1.25
040 ## - CATALOGING SOURCE
Original cataloging agency DLC
Transcribing agency DLC
Modifying agency DLC
050 00 -
-- BV4526.2
-- .B686
082 00 - DEWEY DECIMAL CLASSIFICATION NUMBER
Classification number 249
Item number BRO
100 1# - MAIN ENTRY--PERSONAL NAME
Personal name Brock, Raymond T.
9 (RLIN) 8965
245 14 - TITLE STATEMENT
Title The Christ-centered family /
Statement of responsibility, etc. Raymond T. Brock.
260 ## - PUBLICATION, DISTRIBUTION, ETC.
Place of publication, distribution, etc. Springfield, Mo. :
Name of publisher, distributor, etc. Gospel Pub. House,
Date of publication, distribution, etc. c1977.
300 ## - PHYSICAL DESCRIPTION
Extent 124 p. ;
Dimensions 18 cm.
490 0# - SERIES STATEMENT
Series statement Radiant books
504 ## - BIBLIOGRAPHY, ETC. NOTE
Bibliography, etc. note Includes bibliographical references.
610 20 - SUBJECT ADDED ENTRY--CORPORATE NAME
Corporate name or jurisdiction name as entry element Assemblies of God.
Subordinate unit General Council
General subdivision Doctrines.
9 (RLIN) 4101
650 #0 - SUBJECT ADDED ENTRY--TOPICAL TERM
Topical term or geographic name entry element Families
General subdivision Religious life.
9 (RLIN) 1360
906 ## - LOCAL DATA ELEMENT F, LDF (RLIN)
a 7
b cbc
c orignew
d 2
e ocip
f 19
g y-gencatlg
942 ## - ADDED ENTRY ELEMENTS (KOHA)
Source of classification or shelving scheme Dewey Decimal Classification
Koha item type Books
Koha issues (borrowed), all copies 16
Holdings
Withdrawn status Lost status Source of classification or shelving scheme Damaged status Not for loan Home library Current Library Shelving location Date acquired Total checkouts Total renewals Full call number Barcode Date last seen Date last checked out Copy number Price effective from Koha item type
    Dewey Decimal Classification     GRACE BIBLE COLLEGE GRACE BIBLE COLLEGE Ministry & Mission 2018-02-15 16 1 249 BRO 009044 2025-05-01 2024-09-20 c.1 2018-02-15 Books
© Grace Bible College Library 2025